Countries without 'a' s - Statistics

General Stats
  • This quiz has been taken 25 times
    4 since last reset
  • The average score is 16 of 28
Answer Stats
Answer % Correct
Belize
75%
Benin
75%
Burundi
75%
Comoros
75%
Cyprus
75%
Djibouti
75%
Egypt
75%
Greece
75%
Lesotho
75%
Liechtenstein
75%
Morocco
75%
Seychelles
75%
Turkey
75%
Yemen
75%
Belgium
50%
Chile
50%
Fiji
50%
Kosovo
50%
Luxembourg
50%
Montenegro
50%
Peru
50%
Sweden
50%
Togo
50%
United Kingdom
50%
Congo
25%
Mexico
25%
Niger
25%
Philipines
0%
No matching quizzes found
Score Distribution
Percent of People with Each Score
Percentile by Number Answered
Your Score History
You have not taken this quiz since the last reset